[Event "Fermo 2023-Festa degli Innamorati"]
[Site "?"]
[Date "2023.02.12"]
[Round "2"]
[White "Corvi, Marco"]
[Black "Giordani, Luca"]
[Result "1-0"]
[WhiteElo "2238"]
[BlackElo "1898"]
[PlyCount "91"]
[EventDate "2023.??.??"]

1. c4 Nf6 2. Nc3 d5 3. cxd5 Nxd5 4. g3 e6 5. Bg2 Be7 6. Nf3 O-O 7. O-O c5 8. d3
Nc6 9. Bd2 b6 10. Qa4 Bb7 11. a3 a6 12. Rfc1 Rc8 13. Rab1 b5 14. Qd1 Qb6 15. e4
Nf6 16. e5 Nd7 17. Bf4 h6 18. h4 Qc7 19. Ne4 Rfd8 20. Qe2 Ncxe5 21. Nxe5 Nxe5
22. Nxc5 Bxc5 23. Bxe5 Qb6 24. Be4 Bd4 25. Bxd4 Rxd4 26. Rxc8+ Bxc8 27. Qe3 Qd8
28. Rc1 e5 29. Rc3 Be6 30. Bb7 a5 31. Qxe5 b4 32. Rc5 bxa3 33. bxa3 Rxd3 34.
Rxa5 Rd1+ 35. Kh2 Kh7 36. Be4+ g6 37. Ra8 Bc8 38. Qf4 Qd7 39. Rxc8 Qxc8 40.
Qxf7+ Kh8 41. Qf6+ Kg8 42. Qxg6+ Kf8 43. Qxh6+ Ke7 44. Qg7+ Kd6 45. Qf6+ Kc5
46. Qc3+ 1-0